| 000 | 01308nam a2200241 a 4500 | ||
|---|---|---|---|
| 001 | 000000351 | ||
| 005 | 20240305141038.0 | ||
| 008 | 081204s2007 dr a 000 0 spa d | ||
| 020 | _a9789993456117 | ||
| 040 |
_aDO-SdBNP _bspa _cBNPHU |
||
| 082 |
_aRD861.5 _bG146L |
||
| 100 | 1 |
_aGalán, Bismar, _d1961- _91490 |
|
| 245 | 1 | 0 |
_aLuna de plata / _cBismar Galán. |
| 260 |
_aSanto Domingo : _bNorma, _c2007. |
||
| 300 |
_a44 p. : _bil. ; _c19 cm. |
||
| 490 | 1 | _aTorre de papel naranja | |
| 500 | _aIncluye datos biográficos del autor | ||
| 505 | 0 |
_tDedicatoria -- _tAbuelo dime por qué -- _tNido -- _tDice abuela -- _tCoqueta -- _tEn la ventana -- _tDibujo -- _tPiloto -- _tJuego de noche -- _tPrimavera -- _tLa lluvia -- _tMúsica -- _tDanza -- _tAlegría -- _tArcoiris -- _tCuando la lluvia se esconde -- _tDaniela quiere saber -- _tHermanito, dilo tú -- _tMariposa -- _tConversación -- _tPayaso -- _tVisita -- _tRonda -- _tBola de cristal -- _tHay un conejo en la luna -- _tHojas-peces -- _tLibertad -- _tÁngeles -- _tAllá, donde el sol se duerme -- _tPapalote -- _tHumo -- _tSueño -- _tEscarabajo -- _tManzanas de oro -- _tAbuelo va a regresar. |
|
| 650 | 4 |
_aPoesía infantil dominicana _91187 |
|
| 650 | 4 |
_aLiteraturainfantil dominicana _91188 |
|
| 830 | 0 |
_aTorre de papel naranja _91189 |
|
| 910 | _aValidado. Control de calidad MFF | ||
| 999 |
_c350 _d350 |
||